| 000 | 00630nam a22001937a 4500 | ||
|---|---|---|---|
| 003 | OSt | ||
| 005 | 20221006184723.0 | ||
| 008 | 221006b |||||||| |||| 00| 0 eng d | ||
| 020 | _a978-84-934684-6-0 | ||
| 040 | _cBiblioteca Lado V | ||
| 082 |
_a741.58 _bAL473f |
||
| 100 |
_996 _aAlvarez Reyes, Juan Antonio _edibujante |
||
| 245 |
_aFantasmagorÃa/ _bDibujo en movimiento/ |
||
| 260 |
_aNew York _bFundación ICO _c2006 |
||
| 300 |
_a240p. _c18x23cm |
||
| 650 |
_2Tesauro de Arte & Arquitectura _aDIBUJO |
||
| 650 |
_2Tesauro de Arte & Arquitectura _aDIBUJO ANIMADO |
||
| 942 |
_2ddc _c1 _h741.58 _iAL473f _n0 |
||
| 999 |
_c2207 _d2207 |
||